000 00307nam a2200133Ia 4500
005 20251222144625.0
008 251222s9999||||xx |||||||||||||| ||spa||
082 _a869.57/B38
100 _aBelevan-McBride, Harry
245 0 _aLa Piedra en el Agua
250 _a2a.ed.
264 _bGalaxia
942 _cLIB
999 _c16080
_d16080